Population growth and manpower in the Sudan. : A joint study by the United Nations [Secretariat] and the Government of the Sudan, Dept. of Statistics, Council of Ministers.

Bibliographic Details
Corporate Authors: United Nations. Secretariat, Sudan. Maṣlaḥat al-Iḥṣāʼ
Format: Book
Language:English
Published: New York : United Nations, 1964.
Series:Population studies (New York, N.Y.) ; no. 37.
Subjects:

MARC

Tag First Indicator Second Indicator Subfields
LEADER 00000cam a2200000 4500
001 in00000474321
005 20151012164329.0
008 741220s1964 nyu i00010 eng
010 |a  65005054  
035 |a (OCoLC)01118586 
035 |9 ABZ7480AM 
040 |c CKM  |d TXA  |d UtOrBLW 
049 |a TXAM  |c [651362] 
050 0 0 |a JX1977  |b .A2 ST/SOA/ser.A/37  |a HB885.U52 no. 37 
090 |a HB885  |b .U52 no.37 
110 2 |a United Nations.  |b Secretariat. 
245 1 0 |a Population growth and manpower in the Sudan. :  |b A joint study by the United Nations [Secretariat] and the Government of the Sudan, Dept. of Statistics, Council of Ministers. 
264 1 |a New York :  |b United Nations,  |c 1964. 
300 |a vii, 150 pages ;  |c 28 cm. 
336 |a text  |b txt  |2 rdacontent 
337 |a unmediated  |b n  |2 rdamedia 
338 |a volume  |b nc  |2 rdacarrier 
490 1 |a United Nations. Dept. of Economic and Social Affairs. Population studies ;  |v no. 37 
500 |a United Nations. [Document] ST/SOA/ser.A/37. 
500 |a "United Nations publication. Sales number: 64.XIII.5." 
504 |a "Demographic publications of the United Nations, selected list, April 1964.": pages 146-150. Bibliographical footnotes. 
650 0 |a Labor supply  |z Sudan. 
651 0 |a Sudan  |x Population. 
710 1 |a Sudan.  |b Maṣlaḥat al-Iḥṣāʼ. 
830 0 |a Population studies (New York, N.Y.) ;  |v no. 37. 
999 |a MARS 
999 f f |s 39304717-a1ae-333b-8766-0a9866e45801  |i b5193f21-7939-352d-8995-7e2c29ed2439  |t 0 
952 f f |p ric  |a Texas A&M University  |b Rellis Campus  |c Joint Library Facility  |d Remote Storage  |t 0  |e HB885 .U52 no.37  |h Library of Congress classification  |i unmediated -- volume  |m A14802551062 
998 f f |a HB885 .U52 no.37  |t 0  |l Remote Storage